000
00301 a2200157 4500
001
161306
020
_a
040
_c
Magnum
100
_a
-
240
1
0
_a
Cinderela/globo
_l
por
245
1
0
_a
Cinderela/globo
362
0
_a
1899
440
1
_a
Globo
697
_a
IJ/FADAS, FANTASIA
942
_c
BK
999
_c
161306
_d
161306